| Record ID | ia:portablearthurmi0000mill |
| Source | Internet Archive |
| Download MARC XML | https://archive.org/download/portablearthurmi0000mill/portablearthurmi0000mill_marc.xml |
| Download MARC binary | https://www.archive.org/download/portablearthurmi0000mill/portablearthurmi0000mill_meta.mrc |
LEADER: 01053cam a2200277 a 4500
001 95009485
003 DLC
005 20120530082117.0
008 950516s1995 nyu b 000 0 eng
010 $a 95009485
020 $a0140247092
040 $aDLC$cDLC$dDLC
043 $an-us-ma$an-us---
050 00 $aPS3525.I5156$bA6 1995
082 00 $a812/.52$220
100 1 $aMiller, Arthur,$d1915-2005.
245 14 $aThe portable Arthur Miller /$coriginal introduction by Harold Clurman ; edited, and with an introduction by Christopher Bigsby.
260 $aNew York :$bPenguin Books,$c1995.
300 $axli, 575 p. ;$c20 cm.
504 $aIncludes bibliographical references.
651 0 $aUnited States$xSocial life and customs$y20th century$vDrama.
651 0 $aSalem (Mass.)$xHistory$yColonial period, ca. 1600-1775$vDrama.
650 0 $aTrials (Witchcraft)$vDrama.
655 7 $aHistorical drama.$2gsafd
700 1 $aBigsby, C. W. E.
856 42 $3Contributor biographical information$uhttp://www.loc.gov/catdir/enhancements/fy1209/95009485-b.html